00725cam a22002294a 450000100090000000300040000900500170001300800410003001000170007102000400008804000180012804200080014605000200015408200150017410000300018924500870021925000120030626000370031830000730035550400510042865000160047913658614OSt20180117085950.0040719s2006 nyua b 001 0 eng  a 2004055979 a0072957115 (softcover : alk. paper) aDLCcDLCdDLC apcc00aP90b.R596 200600a302.232221 aRodman, George R.,d1948-10aMass media in a changing world :bhistory, industry, controversy /cGeorge Rodman. a1st ed. aNew York :bMcGraw-Hill,cc2006. axxviii, 593 p. :bill. (some col.) ;c28 cm. +e1 CD-Rom (4 3/4 in.) aIncludes bibliographical references and index. 0aMass media.